YouTube Channels that I subscribed by first two letters in 90 seconds - Statistics

General Stats
  • This quiz has been taken 43 times
    29 since last reset
  • The average score is 21 of 104
Answer Stats
Answer % Correct
PewDiePie
67%
MrBeast
56%
MrBeast 2
56%
MrBeast Gaming
56%
MrBeast Shorts
56%
Mr. Beat
56%
jacknjellify
50%
jacksepticeye
50%
JackSucksAtClips
50%
JackSucksatGeography
50%
JackSucksAtLife
50%
JackSucksAtStuff
50%
Markiplier
50%
Mark's Marble Racing
50%
Beast Philanthropy
39%
Beast Reacts
39%
Beluga
39%
balkan mapping
33%
BANGTANTV
33%
Battle Top
33%
Poofesure
33%
Monstercat Uncaged
28%
Movieclips
28%
Ninja Kidz TV
28%
Panda
28%
Proximity
28%
Bizarre Bits
22%
Brad's Marble Races
22%
BRIGHT SIDE
22%
B-Rus
22%
Dream
22%
Drew Durnil
22%
DubstepGutter
22%
Dude Perfect
22%
LankyBox
22%
MEA
22%
Michael's Magical Playhouse
22%
SidemenReacts
22%
Simulated
22%
That's Amazing
22%
That Youtub3 Family
22%
The Beach House
22%
TheFatRat
22%
The Ohana Adventure
22%
The Vibe Guide
22%
Timeworks
22%
Trap Nation
22%
Trav and Cor
22%
Colin Amazing
17%
Frequency Music
17%
Geo Facts
17%
GeorgeNotFound
17%
Infinite Comparison
17%
Infinivoid
17%
NoCopyrightNation
17%
NoCopyrightSounds
17%
Not Enough Nelsons
17%
RapterSonic
17%
RealLifeLore
17%
RedFalcon
17%
Sapnap
17%
SuperGamingMarbler3229
17%
Tannerites
17%
BLACKPINK
11%
ChizPlays
11%
Elektronomia
11%
Nas Daily
11%
Tobu
11%
TommyInnit
11%
Vester & Friends
11%
Vlad and Niki
11%
Youtube Wars
11%
Dhar Mann
6%
Familia Diamond
6%
Family Fun Pack
6%
Family Fun Pack Shorts
6%
FGTeeV
6%
Fourtle
6%
Happy Earth
6%
Kids Fun TV
6%
King of Derps
6%
MSF
6%
NCS Arcade
6%
quak
6%
StatCounts
6%
TWD98
6%
WatchData
6%
WawamuStats
6%
Crazy Middles
0%
Crazy Pieces
0%
CreepyProduce
0%
Eckleo
0%
Future House Music
0%
FV Family
0%
Gylala
0%
HYBE LABELS
0%
K-391
0%
MDM
0%
PWA
0%
Shot of The Yeagers
0%
UXN
0%
Yawi Vlogs
0%
YT Battles
0%
ZXMany
0%
No matching quizzes found
Score Distribution
Percent of People with Each Score
Percentile by Number Answered
Your Score History
You have not taken this quiz since the last reset